Geography Quiz

Random Geography or City Quiz

Costa Rica Cities Quiz Stats

 Plays Quiz not verified by Sporcle

Support Sporcle.
Go Orange.
Score 0/99 Timer 10:00
0 Plays Today
Population City % Correct
1,415,300San José
100%
5,810San José de Grecia
100%
4,340San José de la Montaña
100%
65,400Limón (Puerto Limón)
90.9%
356,200Heredia
81.8%
227,500Cartago
81.8%
189,900Alajuela
81.8%
83,500Puntarenas
77.3%
56,000Liberia
54.5%
65,800San Isidro de El General
40.9%
30,900San Isidro de Heredia
40.9%
3,850San Isidro de Grecia
40.9%
2,730San Rafael de Guatuso
40.9%
39,500San Ramón de los Palmares
36.4%
54,900San Rafael de Alajuela
36.4%
16,900Nicoya
36.4%
13,300Jacó
31.8%
11,800San Miguel de Santo Domingo
31.8%
8,390Orotina
31.8%
37,200Grecia
27.3%
31,600Quesada de San Carlos
27.3%
29,900Turrialba
27.3%
15,900Santa Cruz de Guanacaste
27.3%
3,660Tamarindo
27.3%
36,900Guápiles
22.7%
21,800Cañas
22.7%
17,300Buenos Aires de Puntarenas
22.7%
14,600La Fortuna
22.7%
7,600Bagaces
22.7%
5,790Upala
22.7%
4,210San Pablo de León Cortés
22.7%
10,200Parrita
18.2%
9,110Atenas
18.2%
Population City % Correct
8,880San Pedro de Poás
18.2%
7,410Tilarán
18.2%
6,300La Cruz
18.2%
4,840Palmar
18.2%
29,600Palmares de Alajuela
13.6%
22,600Siquirres
13.6%
19,500Naranjo de Alajuela
13.6%
12,700Neily
13.6%
9,630Puerto Viejo de Sarapiquí
13.6%
7,930Golfito
13.6%
6,500Sarchí
13.6%
6,160San Vito
13.6%
5,920Los Chiles
13.6%
4,870Matina
13.6%
4,240Santa Rosa de Pocosol
13.6%
3,470Cahuita
13.6%
27,400Esparza
9.1%
13,000Guácimo
9.1%
11,200Pital
9.1%
10,500Sardinal
9.1%
7,820Miramar
9.1%
7,410San Marcos de Tarrazú
9.1%
4,190Las Juntas
9.1%
3,210Cartagena
9.1%
3,080Cachí
9.1%
2,920Pavones
9.1%
25,100Cariari
4.5%
11,700Tobosi
4.5%
11,200Florencia
4.5%
9,920Aguas Zarcas
4.5%
8,840Cot
4.5%
8,050Santiago de Puriscal
4.5%
7,560Río Claro
4.5%
Population City % Correct
6,330Garita
4.5%
6,280Orosi
4.5%
5,420Filadelfia de Guanacaste
4.5%
5,000Juan Viñas
4.5%
4,510Carrizal
4.5%
4,280Tárcoles
4.5%
3,600Río Jiménez
4.5%
3,470Pacayas
4.5%
3,020Tempate
4.5%
2,930Zarcero
4.5%
15,400Puerto Quepos
0%
10,600Batán
0%
9,310Rita
0%
9,090Canoas
0%
8,820Carrillos
0%
7,600Roxana
0%
7,290Carrandi
0%
6,340Pocora
0%
5,780Belén
0%
5,790Turrúcares
0%
5,260La Suiza
0%
5,120Palmira de Carrillo
0%
5,020Puerto Cortés
0%
4,980Tierra Blanca
0%
4,550Cervantes
0%
4,370Sixaola
0%
4,410Purabá
0%
4,270Tacares
0%
4,220Pacuarito
0%
3,930El Cairo
0%
3,910Puerto Jiménez
0%
2,800Lepanto
0%
2,620Tucurrique
0%

You're not logged in!

Compare scores with friends on all Sporcle quizzes.
OR
Log In

From the Vault

Know Your ABC's

by BanjoZebra

You should really know your ABC's by now.
Remove Ads.
Support Sporcle.
Get the best of Sporcle when you Go Orange. This ad-free experience offers more features, more stats, and more fun while also helping to support Sporcle. Thank you for becoming a member.

Show Comments

Extras

Top Quizzes Today


Score Distribution

Your Account Isn't Verified!

In order to create a playlist on Sporcle, you need to verify the email address you used during registration. Go to your Sporcle Settings to finish the process.

Report this User

Report this user for behavior that violates our Community Guidelines.

Details: